00442nam a2200145Ia 4500008004100000040001900041041001200060082002500072100001500097245008300112260002800195300003700223504002200260650001400282131103s9999 xx 000 0 und d aLoreto College aEnglish a371.9/BHAbLCBED/521 aBhatt, C L aGifted childrenb a psychological sociological & educational study cC L Bhatt aAllahabadbUnitedc1973 aviii,122p.b ill., chartc 22cm. aIncludes appendix aEducation